00910nam a2200229Ii 45000010005000000030009000050080041000140400033000550410008000880820012000961000025001082450084001332640041002173000012002583360026002703370028002963380027003249400050003519990017004019520131004189520131005493176CO-ViMGA241108s9999||||xx |||||||||||||| ||und|| aCO-ViMGAbspaerdacCO-ViMGA0 aspa04a250 M631 aJosh Mcdowell94909110aEvidencia que Exige un Veredicto:bevidencias históricas de la fé cristiana 1aMéxico : Cruzada estudiantil, 1975 avolumen atextbtxt2rdacontent aunmediatedbn2rdamedia avolumebnc2rdacarrier aidficha_siabuc: 3101. -- ficha_no_siabuc:3176 c43734d43734 001040708001aMEVIGERRbMEVIGERRcGENd2006-11-27o250 M63pECA1450r2024-11-26 09:16:43tEj.2w2024-11-26yBKz3101 | 4429 001040708001aMEVIGERRbMEVIGERRcGENd2006-11-27o250 M63pECA1449r2024-11-26 09:16:43tEj.1w2024-11-26yBKz3101 | 4428